Marina española de la Edad Media : (Registro nro. 164408)

Detalles MARC
000 -LEADER
campo de control de longitud fija 00939nam a2200217 i 4500
001 - NÚMERO DE CONTROL
campo de control 164408
003 - IDENTIFICADOR DE NÚMERO DE CONTROL
campo de control ES-MaACL
005 - FECHA Y HORA DE LA ÚLTIMA TRANSACCIÓN
campo de control 20251122063135.0
008 - DATOS DE LONGITUD FIJA--INFORMACIÓN GENERAL
campo de control de longitud fija 991105s1864 sp |||| | spa d
080 ## - NÚMERO DE LA CLASIFICACIÓN DECIMAL UNIVERSAL
Número de la Clasificación Decimal Universal 355.49(460)"12/14"
100 1# - ENTRADA PRINCIPAL--NOMBRE DE PERSONA
Nombre de persona Salas, Francisco Javier de,
Fechas asociadas al nombre 1832-1890
9 (RLIN) 151213
245 10 - MENCIÓN DEL TÍTULO
Título Marina española de la Edad Media :
Resto del título bosquejo histórico de sus principales sucesos en relación con la historia de las coronas de Aragón y Castilla /
Mención de responsabilidad, etc. por F. Javier de Salas.
260 ## - PUBLICACIÓN, DISTRIBUCIÓN, ETC.
Lugar de publicación, distribución, etc. Madrid :
Nombre del editor, distribuidor, etc. [s.n.],
Fecha de publicación, distribución, etc. 1864 (
Fabricante Estab. Tip. de T. Fortanet)
300 ## - DESCRIPCIÓN FÍSICA
Extensión 1 v. (564 p.) ;
Dimensiones 25 cm.
530 ## - NOTA DISPONIBLE DE FORMULARIO FÍSICO ADICIONAL
Nota de formato físico adicional disponible Disponible en formato digital.
651 #4 - PUNTO DE ACCESO ADICIONAL DE MATERIA--NOMBRE GEOGRÁFICO
Nombre geográfico Aragón (Reino)-
Subdivisión general Historia naval.
9 (RLIN) 151214
651 #4 - PUNTO DE ACCESO ADICIONAL DE MATERIA--NOMBRE GEOGRÁFICO
Nombre geográfico Castilla (Reino)-
Subdivisión general Historia naval.
9 (RLIN) 150770
852 4# - LOCALIZACIÓN
Ubicación ES-MaACL
Número de control de estantería C-1743
Nota libre - Enc. pasta
856 4# - LOCALIZACIÓN Y ACCESO ELECTRÓNICOS
Identificador Uniforme de Recursos <a href="http://bdh-rd.bne.es/viewer.vm?id=0000000766&page=1 ">http://bdh-rd.bne.es/viewer.vm?id=0000000766&page=1 </a>
Nota pública Biblioteca Digital Hispánica
Existencias
Estatus retirado Estado de pérdida Estado de daño No para préstamo Colección Biblioteca de origen Biblioteca actual Ubicación en estantería Fecha de adquisición Fuente de adquisición Total de préstamos Signatura topográfica completa Código de barras Visto por última vez Precio de reemplazo Tipo de ítem Koha
        Colección digital Biblioteca del Ateneo de Madrid Biblioteca del Ateneo de Madrid Sala Palomar 17/01/2008     C-1743 1172326 23/02/2023 23/02/2023 Libro impreso antiguo